[Event "II open"]
[Site "Solsones"]
[Date "2004.08.18"]
[Round "7"]
[White "Moskalenko, Viktor"]
[Black "Vilela, Jose Luis"]
[Result "1-0"]
[WhiteElo "2544"]
[BlackElo "2392"]
[PlyCount "79"]
[EventDate "2004.08.13"]
[Source "Roberto Alvarez"]
[SourceDate "2004.08.30"]

1. d4 Nf6 2. c4 e6 3. Nc3 Bb4 4. e3 O-O 5. a3 Bxc3+ 6. bxc3 d6 7. Bd3 e5 8. Ne2 e4 9. Bb1 b6 10. Ng3 Re8 11. f3 Ba6 12. fxe4 Bxc4 13. Qf3 Nbd7 14. Ra2 Re6 15. Rf2 Qe8 16. h4 h5 17. Nxh5 Nxh5 18. Qxh5 Nf6 19. Qf5 Nxe4 20. Rf4 d5 21. Bxe4 Rxe4 22. Rxe4 Qxe4 23. Qxe4 dxe4 24. Bd2 Rd8 25. Kf2 Rd5 26. Rb1 Rf5+ 27. Kg3 a5 28. Rd1 Kf8 29. Be1 Ke7 30. Kh3 Kd7 31. Bg3 Rb5 32. Bf4 Rb3 33. h5 Rxa3 34. g4 Rxc3 35. g5 Be6+ 36. Kh4 Bf5 37. h6 Bh7 38. hxg7 a4 39. Rh1 a3 40. Rh2 1-0

[Event "Castellar Open"]
[Site "Castellar"]
[Date "1996.??.??"]
[Round "?"]
[White "Minzer, Claudio Javier"]
[Black "Suba, Mihai"]
[Result "0-1"]
[WhiteElo "2370"]
[BlackElo "2565"]
[PlyCount "62"]
[EventDate "1996.??.??"]
[Source "www.chesslib.no"]
[SourceDate "2004.05.04"]

1. d4 Nf6 2. c4 e6 3. Nc3 Bb4 4. e3 O-O 5. a3 Bxc3+ 6. bxc3 b6 7. Bd3 Nc6 8. e4 e5 9. Ne2 d6 10. O-O Re8 11. d5 Na5 12. f4 exf4 13. Rxf4 Bg4 14. Be3 Bh5 15. Bd4 Nd7 16. g4 Bg6 17. Ng3 Ne5 18. Ra2 c5 19. dxc6 Rc8 20. Nf5 Bxf5 21. exf5 Qh4 22. Raf2 Naxc6 23. Be4 Nxd4 24. Qxd4 Rxc4 25. Qxd6 Rxc3 26. f6 Rc1+ 27. Kg2 Nxg4 28. Bxh7+ Kxh7 29. h3 Ne3+ 30. Kh2 Qg5 31. Qd3+ Kg8 0-1

[Event "Summer II"]
[Site "Alushta"]
[Date "2004.05.29"]
[Round "10"]
[White "Kuzubov, Yuriy"]
[Black "Taleb, Moussa"]
[Result "1/2-1/2"]
[WhiteElo "2475"]
[BlackElo "2456"]
[PlyCount "70"]
[EventDate "2004.05.22"]
[Source "Roberto Alvarez"]
[SourceDate "2004.06.07"]

1. d4 Nf6 2. c4 e6 3. Nc3 Bb4 4. e3 O-O 5. a3 Bxc3+ 6. bxc3 Re8 7. Bd3 e5 8. Ne2 d6 9. Ng3 Nc6 10. O-O Ne7 11. f4 exf4 12. exf4 d5 13. f5 dxc4 14. Bxc4 Ned5 15. Qb3 c6 16. Bg5 b5 17. Be2 h6 18. Bxf6 Nxf6 19. Bf3 Bd7 20. Rae1 Rc8 21. Re5 c5 22. Nh5 cxd4 23. cxd4 Qb6 24. Nxf6+ Qxf6 25. Bh5 Rc4 26. Qe3 Kf8 27. Bf3 Qg5 28. Qd3 Qf4 29. Be4 Rc1 30. Rxe8+ Kxe8 31. Rxc1 Qxc1+ 32. Kf2 Qf4+ 33. Kg1 Qc1+ 34. Kf2 Qf4+ 35. Kg1 Qc1+ 1/2-1/2

[Event "2nd Misr Closed"]
[Site "Ismailia"]
[Date "2004.08.22"]
[Round "7"]
[White "Ezat, Mohamed Mahmoud"]
[Black "Grigoriants, Sergey"]
[Result "0-1"]
[WhiteElo "2395"]
[BlackElo "2530"]
[PlyCount "88"]
[EventDate "2004.08.16"]
[Source "Roberto Alvarez"]
[SourceDate "2004.09.06"]

1. d4 Nf6 2. c4 e6 3. Nc3 Bb4 4. e3 O-O 5. a3 Bxc3+ 6. bxc3 b6 7. Bd3 Bb7 8. f3 Nc6 9. Nh3 Na5 10. e4 Ne8 11. e5 Qh4+ 12. Nf2 f5 13. O-O Ba6 14. Nh3 Qe7 15. Qe2 d6 16. Re1 dxe5 17. Qxe5 Nd6 18. Nf4 Bxc4 19. Bxc4 Naxc4 20. Nd5 Qf7 21. Qxe6 Qxe6 22. Rxe6 c6 23. Nb4 Rae8 24. Rxe8 Rxe8 25. Bf4 Nb5 26. Nxc6 Nxc3 27. Be5 a5 28. Kf2 Nd5 29. f4 b5 30. Na7 b4 31. axb4 axb4 32. Nc6 b3 33. Rb1 b2 34. Na5 Nxe5 35. fxe5 Nc3 36. Rxb2 Nd1+ 37. Kf3 Nxb2 38. Kf4 g6 39. Nc6 Kf7 40. g4 fxg4 41. Ke4 Nc4 42. Kd5 Ne3+ 43. Kd6 Re6+ 44. Kd7 Rxc6 0-1

[Event "Capablanca mem-B"]
[Site "Cienfuegos"]
[Date "1985.??.??"]
[Round "4"]
[White "Pecorelli Garcia, Humberto"]
[Black "Csom, Istvan"]
[Result "0-1"]
[WhiteElo "2435"]
[BlackElo "2480"]
[PlyCount "38"]
[EventDate "1985.??.??"]
[Source "ChessBase"]

1. d4 Nf6 2. c4 e6 3. Nc3 Bb4 4. a3 Bxc3+ 5. bxc3 O-O 6. e3 b6 7. Bd3 Nc6 8. Ne2 Ba6 9. O-O Na5 10. e4 Ne8 11. f4 f5 12. exf5 exf5 13. Ng3 g6 14. c5 Bxd3 15. Qxd3 d5 16. cxd6 Nxd6 17. a4 Ndc4 18. Ba3 Re8 19. Bb4 Qd5 0-1

[Event "10th WCh-University"]
[Site "Novokuznetsk RUS"]
[Date "2008.03.07"]
[Round "6"]
[White "Liang Chong"]
[Black "Kuderinov, K."]
[Result "1/2-1/2"]
[WhiteElo "2488"]
[BlackElo "2416"]
[PlyCount "125"]
[EventDate "2008.03.04"]
[Source "www.chesslib.no"]
[SourceDate "2004.05.04"]

1. d4 Nf6 2. c4 e6 3. Nc3 Bb4 4. e3 O-O 5. a3 Bxc3+ 6. bxc3 d6 7. Bd3 e5 8. Ne2 c5 9. e4 Nc6 10. d5 Ne7 11. O-O Ng6 12. f3 Bd7 13. Be3 Rb8 14. a4 a6 15. Qd2 b5 16. axb5 axb5 17. cxb5 Bxb5 18. c4 Bd7 19. Nc3 Qc7 20. Ra6 Rb7 21. Rfa1 Rfb8 22. Nb5 Bxb5 23. cxb5 Ne7 24. Bf1 Nc8 25. Rc6 Qe7 26. Qf2 Ne8 27. Ra5 Na7 28. Rxc5 dxc5 29. Bxc5 Nd6 30. Bxa7 Ra8 31. b6 h6 32. Rc5 Rbxa7 33. bxa7 Rxa7 34. Rc6 Rd7 35. h3 Kh7 36. Kh2 Qg5 37. Bd3 g6 38. h4 Qf6 39. Qg3 Rd8 40. Qg4 g5 41. hxg5 hxg5 42. g3 Kg7 43. Bf1 Rh8+ 44. Bh3 Ra8 45. Rc2 Rh8 46. Kg1 Qh6 47. Kg2 Ne8 48. Rc8 Qf6 49. Rc6 Qe7 50. Qd7 Qb4 51. Rc2 Qb1 52. Rf2 Nf6 53. Qf5 Qc1 54. f4 Rxh3 55. Qxh3 Nxe4 56. Qf5 Qe3 57. Qxe5+ Kh7 58. Qf5+ Kg8 59. fxg5 Qxg3+ 60. Kf1 Qd3+ 61. Kg1 Nxf2 62. Qxf2 Qxd5 63. Qf6 1/2-1/2

[Event "Wichern Open"]
[Site "Hamburg GER"]
[Date "1993.??.??"]
[Round "7"]
[White "Lyrberg, Patrik"]
[Black "Luther, Thomas"]
[Result "0-1"]
[WhiteElo "2420"]
[BlackElo "2480"]
[PlyCount "58"]
[EventDate "1993.10.??"]
[Source "www.chesslib.no"]
[SourceDate "2004.05.04"]

1. d4 e6 2. c4 Nf6 3. Nc3 Bb4 4. a3 Bxc3+ 5. bxc3 c5 6. e3 O-O 7. Ne2 b6 8. Ng3 Nc6 9. e4 Ne8 10. Bd3 cxd4 11. cxd4 Nxd4 12. e5 Bb7 13. O-O d6 14. f4 dxe5 15. fxe5 Nf3+ 16. gxf3 Qd4+ 17. Kh1 Qxa1 18. Qe2 Qd4 19. Bb2 Qh4 20. Rg1 f5 21. exf6 Nxf6 22. Be4 Nxe4 23. Nxe4 Rf7 24. Ng5 Qxg5 25. Rxg5 Bxf3+ 26. Qxf3 Rxf3 27. Rxg7+ Kf8 28. Rxh7 Rd8 29. Kg2 Rf7 0-1

[Event "ESP Team Ch"]
[Site "?"]
[Date "2002.12.30"]
[Round "1"]
[White "Corral Blanco Juan Antonio"]
[Black "Pablo Marin Alejandro"]
[Result "1-0"]
[WhiteElo "2463"]
[BlackElo "2434"]
[PlyCount "83"]
[EventDate "2002.??.??"]
[Source "www.chesslib.no"]
[SourceDate "2004.05.04"]

1. d4 Nf6 2. c4 e6 3. Nc3 Bb4 4. e3 O-O 5. a3 Bxc3+ 6. bxc3 b6 7. Bd3 Bb7 8. f3 d6 9. Ne2 Nc6 10. e4 Nd7 11. O-O Na5 12. Ng3 Ba6 13. f4 Bxc4 14. Bxc4 Nxc4 15. f5 Kh8 16. Qg4 e5 17. Qe2 b5 18. f6 gxf6 19. Nf5 Rg8 20. Rf3 Rg6 21. Rh3 d5 22. Ra2 dxe4 23. Qh5 Qg8 24. Ne7 Qg7 25. Qf5 Ndb6 26. Qxe4 Re8 27. Nxg6+ fxg6 28. Qc6 Qf7 29. Rf2 exd4 30. Rxf6 Re1+ 31. Kf2 Qe7 32. Rf8+ Qxf8+ 33. Kxe1 Qe7+ 34. Kf2 Ne5 35. Qe4 dxc3 36. Rxc3 Nbc4 37. Kg1 Qd6 38. h3 Nf7 39. Rf3 Kg7 40. Qe8 Qd4+ 41. Be3 Qd5 42. Rxf7+ 1-0

[Event "Minsk"]
[Site "Minsk"]
[Date "1994.??.??"]
[Round "1"]
[White "Lyrberg, Patrik"]
[Black "Nielsen, Peter Heine"]
[Result "0-1"]
[WhiteElo "2415"]
[BlackElo "2475"]
[PlyCount "40"]
[EventDate "1994.02.??"]
[Source "ChessBase"]

1. d4 Nf6 2. c4 e6 3. Nc3 Bb4 4. a3 Bxc3+ 5. bxc3 c5 6. e3 O-O 7. Ne2 Nc6 8. Ng3 b6 9. Bd3 Ba6 10. e4 Ne8 11. e5 cxd4 12. cxd4 d5 13. Qh5 f5 14. Nxf5 exf5 15. Bxf5 Rxf5 16. Qxf5 Nxd4 17. Qd3 dxc4 18. Qe4 Bb7 19. Qxb7 Nc2+ 20. Ke2 Qd3# 0-1

[Event "New York op"]
[Site "New York"]
[Date "1987.??.??"]
[Round "?"]
[White "Remlinger, Larry"]
[Black "Zuckerman, Bernard"]
[Result "0-1"]
[WhiteElo "2410"]
[BlackElo "2480"]
[PlyCount "98"]
[EventDate "1987.04.??"]
[Source "ChessBase"]

1. d4 Nf6 2. c4 e6 3. Nc3 Bb4 4. e3 O-O 5. a3 Bxc3+ 6. bxc3 b6 7. Bd3 Bb7 8. f3 Nc6 9. Ne2 Ba6 10. O-O Na5 11. e4 Ne8 12. f4 f5 13. exf5 exf5 14. Ng3 g6 15. c5 Bxd3 16. Qxd3 d5 17. cxd6 Nxd6 18. Re1 Qd7 19. Ra2 Rfe8 20. Rae2 Rxe2 21. Rxe2 Re8 22. h3 Rxe2 23. Qxe2 Qe8 24. Qe5 Nac4 25. Qxe8+ Nxe8 26. Kf1 Kf7 27. Ke2 Ke6 28. Nf1 Kd5 29. Kd3 Ned6 30. Nh2 b5 31. Nf3 Ne4 32. Kc2 a5 33. Nh4 a4 34. Nf3 c6 35. Ne1 Ng3 36. Kd3 Ne4 37. Nc2 c5 38. Ne3+ Nxe3 39. Bxe3 Nd6 40. dxc5 Nc4 41. Bc1 Kxc5 42. Ke2 Kd6 43. g4 h5 44. Kf3 hxg4+ 45. hxg4 Kd5 46. g5 Nd6 47. Ke3 Kc4 48. Kd2 Ne4+ 49. Kc2 Nxc3 0-1

[Event "Masters"]
[Site "Singapore SIN"]
[Date "2006.12.26"]
[Round "1"]
[White "Li Ruofan"]
[Black "Bui Vinh"]
[Result "1/2-1/2"]
[WhiteElo "2391"]
[BlackElo "2485"]
[PlyCount "93"]
[EventDate "2006.12.26"]
[Source "www.chesslib.no"]
[SourceDate "2004.05.04"]

1. d4 Nf6 2. c4 e6 3. Nc3 Bb4 4. e3 O-O 5. a3 Bxc3+ 6. bxc3 d6 7. Bd3 c5 8. Ne2 e5 9. O-O Re8 10. f3 Nc6 11. e4 b6 12. Bg5 h6 13. Bh4 g5 14. Bf2 Nh5 15. Ng3 Nf4 16. Nf5 Bxf5 17. exf5 Nxd3 18. Qxd3 Qf6 19. d5 Na5 20. Qe4 Kg7 21. h4 Qe7 22. Be3 f6 23. Kf2 Rh8 24. f4 gxf4 25. Bxf4 Kf7 26. Be3 Qd7 27. a4 Rag8 28. g4 Qc8 29. Ke2 Rg7 30. Rab1 Qe8 31. Ra1 Ke7 32. Kd3 Kd8 33. g5 hxg5 34. hxg5 Rgh7 35. gxf6 Rh4 36. f7 Qe7 37. Rh1 Rxh1 38. Rxh1 Rxh1 39. Qxh1 Qxf7 40. Qh4+ Kd7 41. Qg4 Qh7 42. Qg6 Qh1 43. Qf7+ Kc8 44. Qe8+ Kc7 45. Qe7+ Kc8 46. Qe6+ Kc7 47. Qe7+ 1/2-1/2

[Event "Novaya Ladoga"]
[Site "?"]
[Date "2002.??.??"]
[Round "4"]
[White "Ditiatev Sergey"]
[Black "Malinin Vasily B"]
[Result "0-1"]
[WhiteElo "2435"]
[BlackElo "2434"]
[PlyCount "80"]
[EventDate "2002.??.??"]
[Source "www.chesslib.no"]
[SourceDate "2004.05.04"]

1. d4 Nf6 2. c4 e6 3. Nc3 Bb4 4. a3 Bxc3+ 5. bxc3 c5 6. e3 b6 7. Ne2 O-O 8. Ng3 Nc6 9. e4 Ba6 10. Bg5 h6 11. h4 cxd4 12. f4 Qc7 13. Bxf6 Qxf4 14. Nh5 Qxe4+ 15. Kd2 Qe3+ 16. Kc2 Bxc4 17. Bxg7 Rfc8 18. Rh3 Qf2+ 19. Kc1 dxc3 20. Rb1 c2 21. Qxc2 Qxf1+ 22. Kb2 Qe2 23. Rg3 f5 24. Be5+ Kf8 25. Bd6+ Ne7 26. Qxe2 Bxe2 27. Nf4 Bg4 28. Ng6+ Kf7 29. Nxe7 Rc4 30. h5 Rd4 31. Be5 Rd2+ 32. Kc3 Re2 33. Ng6 Rc8+ 34. Kb3 Bxh5 35. Nh8+ Ke7 36. Rg7+ Kf8 37. Bf6 Rc5 38. Rh1 Rb5+ 39. Ka4 Re4+ 40. Kxb5 Be2# 0-1

[Event "Hampstead GM4"]
[Site "Hampstead"]
[Date "1998.10.27"]
[Round "3"]
[White "Kreiman, Boris"]
[Black "Mittelman, Gur"]
[Result "1-0"]
[WhiteElo "2455"]
[BlackElo "2410"]
[PlyCount "109"]
[EventDate "1998.10.??"]
[Source "www.chesslib.no"]
[SourceDate "2004.05.04"]

1. d4 Nf6 2. c4 e6 3. Nc3 Bb4 4. e3 b6 5. Nge2 Ba6 6. Ng3 c5 7. a3 Bxc3+ 8. bxc3 Nc6 9. e4 O-O 10. Bd3 Ne8 11. Be3 Na5 12. Qe2 Rc8 13. d5 Qe7 14. O-O Nd6 15. e5 Ndxc4 16. Qh5 f5 17. exf6 gxf6 18. Bh6 Rfe8 19. Ne4 exd5 20. Nxf6+ Qxf6 21. Bxh7+ Kxh7 22. Bg5+ Kg7 23. Bxf6+ Kxf6 24. Rfe1 Re6 25. Rxe6+ dxe6 26. Re1 e5 27. f4 e4 28. Qg5+ Ke6 29. f5+ Kd7 30. f6 Nd6 31. Qg7+ Kc6 32. f7 Nxf7 33. Qxf7 Nb7 34. h4 Nd6 35. Qg7 Bd3 36. h5 Rc7 37. Qg6 c4 38. Qg8 d4 39. h6 e3 40. cxd4 e2 41. Qa8+ Kd7 42. Qf3 Rc8 43. g4 b5 44. Rxe2 Bxe2 45. Qxe2 c3 46. Qc2 a5 47. h7 b4 48. axb4 axb4 49. g5 Ke7 50. d5 Kf7 51. Qf2+ Kg7 52. Qf6+ Kxh7 53. Qxd6 Rc4 54. Qh6+ Kg8 55. Qe6+ 1-0

[Event "Collado Villalba op-A 19th"]
[Site "?"]
[Date "2002.08.28"]
[Round "6"]
[White "Moreno Ruiz Javier"]
[Black "Pogorelov Ruslan"]
[Result "0-1"]
[WhiteElo "2409"]
[BlackElo "2453"]
[PlyCount "46"]
[EventDate "2002.??.??"]
[Source "www.chesslib.no"]
[SourceDate "2004.05.04"]

1. d4 e6 2. c4 Nf6 3. Nc3 Bb4 4. e3 O-O 5. a3 Bxc3+ 6. bxc3 d6 7. Bd3 e5 8. Ne2 e4 9. Bb1 b6 10. Ng3 Re8 11. f3 Ba6 12. Nxe4 Nxe4 13. Bxe4 Rxe4 14. fxe4 Qh4+ 15. Kd2 Nd7 16. Rf1 Nf6 17. Qf3 Bxc4 18. Qf4 Nxe4+ 19. Kc2 Qe7 20. Rf3 Re8 21. Bb2 Qe6 22. Rh3 Bb3+ 23. Kc1 Qc4 0-1

[Event "Badalona Magistral"]
[Site "?"]
[Date "2001.??.??"]
[Round "9"]
[White "Jose Abril Ramon"]
[Black "Lopez Moll Jose Manuel"]
[Result "1/2-1/2"]
[WhiteElo "2397"]
[BlackElo "2450"]
[PlyCount "133"]
[EventDate "2001.??.??"]
[Source "www.chesslib.no"]
[SourceDate "2004.05.04"]

1. d4 Nf6 2. c4 e6 3. Nc3 Bb4 4. e3 O-O 5. a3 Bxc3+ 6. bxc3 c5 7. Bd3 b6 8. e4 Ne8 9. Ne2 Nc6 10. O-O Ba6 11. f4 f5 12. Ng3 g6 13. Be3 cxd4 14. cxd4 d5 15. cxd5 Bxd3 16. Qxd3 fxe4 17. Qxe4 Qxd5 18. Qxd5 exd5 19. Rac1 Rc8 20. f5 Nd6 21. fxg6 hxg6 22. Rxf8+ Kxf8 23. Ne2 Nc4 24. Bf2 Nxa3 25. Nf4 Kf7 26. Nxd5 Nb5 27. Nf4 Nd6 28. d5 Ne5 29. Ra1 Nb5 30. Ne6 Nd3 31. Be3 Ke7 32. Rd1 Nb4 33. Nf4 Nc3 34. Ra1 Ncxd5 35. Rxa7+ Kf6 36. Bd4+ Kf5 37. Ne2 Ke4 38. Bg7 Rc2 39. Ng3+ Kd3 40. Bh6 Rc6 41. h4 b5 42. Rb7 Nc3 43. Bf8 Nbd5 44. h5 gxh5 45. Nxh5 Rc4 46. g3 b4 47. Nf4+ Kc2 48. Nxd5 Nxd5 49. Bxb4 Nxb4 50. Kf2 Kd2 51. Re7 Nd5 52. Re6 Rd4 53. Kf3 Rd3+ 54. Kf2 Ne3 55. Re4 Nd1+ 56. Kg2 Nc3 57. Re8 Nd5 58. Kh3 Nf6 59. Re5 Nd5 60. Kh4 Ne3 61. Kh5 Ke2 62. g4 Kf3 63. g5 Kf4 64. Ra5 Nd5 65. Kg6 Kg4 66. Kf7 Nf4 67. Re5 1/2-1/2

[Event "Baden-Baden"]
[Site "Baden-Baden"]
[Date "1985.??.??"]
[Round "6"]
[White "Polgar, Zsuzsa"]
[Black "Pachman, Ludek"]
[Result "0-1"]
[WhiteElo "2430"]
[BlackElo "2410"]
[PlyCount "82"]
[EventDate "1985.07.??"]
[Source "ChessBase"]

1. d4 Nf6 2. c4 e6 3. Nc3 Bb4 4. a3 Bxc3+ 5. bxc3 O-O 6. e3 b6 7. Bd3 Bb7 8. Ne2 Bxg2 9. Rg1 Bf3 10. Rg3 Be4 11. Nf4 d5 12. cxd5 exd5 13. f3 Bxd3 14. Qxd3 Qd7 15. Ra2 Nc6 16. Rag2 g6 17. h4 Rae8 18. h5 Ne7 19. hxg6 fxg6 20. Rg5 Kf7 21. e4 dxe4 22. fxe4 Nxe4 23. Qc4+ Kg7 24. Re5 Nf5 25. Ne6+ Rxe6 26. Qxe6 Qxe6 27. Rxe6 Nxc3 28. Bf4 Nd5 29. Be5+ Kf7 30. Rc6 Ke7 31. Rh2 Rf7 32. Kd2 Kd7 33. Rc1 Nfe3 34. Rh4 h5 35. Rh3 Ng4 36. Re1 Rf2+ 37. Kc1 a5 38. Rd3 b5 39. Rd2 Rf3 40. Kb2 a4 41. Ra1 Nge3 0-1

[Event "Cappelle Open"]
[Site "Cappelle la Grande FRA"]
[Date "1994.??.??"]
[Round "3"]
[White "Markotic, Gordan"]
[Black "Chuchelov, Vladimir"]
[Result "0-1"]
[WhiteElo "2345"]
[BlackElo "2495"]
[PlyCount "82"]
[EventDate "1994.02.??"]
[Source "www.chesslib.no"]
[SourceDate "2004.05.04"]

1. d4 Nf6 2. c4 e6 3. Nc3 Bb4 4. e3 O-O 5. a3 Bxc3+ 6. bxc3 b6 7. Bd3 Ba6 8. e4 Ne8 9. e5 f5 10. Nf3 Nc6 11. Bg5 Qc8 12. d5 Na5 13. Qe2 h6 14. g4 fxg4 15. Nh4 exd5 16. Qxg4 Bxc4 17. Nf5 Bxd3 18. Ne7+ Kh7 19. Nxc8 Bf5 20. Qh4 Rxc8 21. O-O-O c6 22. Bxh6 gxh6 23. Qe7+ Ng7 24. Rhg1 Rg8 25. Rg3 Nb3+ 26. Kb2 Nc5 27. Rdg1 Nce6 28. Qxd7 Ng5 29. Qxa7 Ra8 30. Qb7 Rgb8 31. Qe7 Re8 32. Qb4 Rxe5 33. f4 Re2+ 34. Ka1 c5 35. Qb3 N5e6 36. c4 d4 37. Qf3 Re4 38. Qg2 Ra7 39. Qb2 Re3 40. Rxe3 dxe3 41. Ka2 Rd7 0-1

[Event "Berga Open"]
[Site "Berga"]
[Date "1995.??.??"]
[Round "5"]
[White "Gonzalez, JA."]
[Black "Pogorelov, Ruslan"]
[Result "1-0"]
[WhiteElo "2395"]
[BlackElo "2440"]
[PlyCount "51"]
[EventDate "1995.??.??"]
[Source "www.chesslib.no"]
[SourceDate "2004.05.04"]

1. d4 Nf6 2. c4 e6 3. Nc3 Bb4 4. e3 O-O 5. Bd3 c5 6. a3 Bxc3+ 7. bxc3 d6 8. Ne2 e5 9. dxe5 dxe5 10. e4 h6 11. Ng3 Nc6 12. Nf1 b6 13. Ne3 Ba6 14. O-O Na5 15. Qe2 Ne8 16. f4 f6 17. fxe5 fxe5 18. Rxf8+ Kxf8 19. Nd5 Qd6 20. Be3 Kg8 21. Rf1 Rd8 22. Qh5 Kh7 23. Bg5 Ra8 24. Nf6+ Nxf6 25. Rxf6 Qxd3 26. Rxh6+ 1-0

[Event "CRO Team Ch"]
[Site "Makarska Tucepi"]
[Date "1995.??.??"]
[Round "?"]
[White "Markotic, Gordan"]
[Black "Zelcic, Robert"]
[Result "0-1"]
[WhiteElo "2335"]
[BlackElo "2500"]
[PlyCount "82"]
[EventDate "1995.??.??"]
[Source "www.chesslib.no"]
[SourceDate "2004.05.04"]

1. d4 Nf6 2. c4 e6 3. Nc3 Bb4 4. e3 O-O 5. a3 Bxc3+ 6. bxc3 c5 7. Bd3 d6 8. Ne2 e5 9. d5 e4 10. Bc2 Nbd7 11. Ng3 Qe8 12. O-O Nb6 13. Qe2 Bd7 14. f3 Qe5 15. fxe4 Ng4 16. Rf4 Qxc3 17. Rb1 Nxc4 18. Rb3 Qa1 19. Rb1 Qc3 20. Rb3 Qa1 21. Rf1 Nge5 22. Bb2 Qxb2 23. Rxb2 Nxb2 24. Nf5 Nbc4 25. Rf4 b5 26. Rh4 Bxf5 27. exf5 f6 28. g4 Nxa3 29. Be4 Nf7 30. g5 Nxg5 31. Bg2 Nc4 32. Rg4 Nf7 33. Rg3 Nfe5 34. Qh5 a5 35. Rh3 h6 36. Rg3 Kh8 37. Bf1 a4 38. Bxc4 bxc4 39. Rg2 a3 40. Ra2 Rfb8 41. Qd1 Rb2 0-1

[Event "Montreal"]
[Site "?"]
[Date "2006.08.13"]
[Round "6"]
[White "Krush Irina"]
[Black "Lawson Eric"]
[Result "1/2-1/2"]
[WhiteElo "2436"]
[BlackElo "2393"]
[PlyCount "154"]
[EventDate "2006.??.??"]
[Source "www.chesslib.no"]
[SourceDate "2004.05.04"]

1. d4 Nf6 2. c4 e6 3. Nc3 Bb4 4. e3 O-O 5. a3 Bxc3+ 6. bxc3 b6 7. Bd3 Nc6 8. e4 e5 9. Ne2 h6 10. O-O d6 11. f4 Ba6 12. fxe5 dxe5 13. d5 Na5 14. Ng3 Bxc4 15. Nf5 Kh7 16. Rb1 Rh8 17. Qf3 Bxd3 18. Qxd3 Kg8 19. Bxh6 Rxh6 20. Nxh6+ gxh6 21. Qg3+ Kf8 22. Qxe5 Ng8 23. Rxf7+ Kxf7 24. Rf1+ Nf6 25. Qe6+ Kg7 26. e5 Nh7 27. Rf7+ Kh8 28. Qxh6 Qg8 29. e6 Qxf7 30. exf7 Rf8 31. Qg6 b5 32. Qa6 Nc4 33. Qxb5 Nd6 34. Qc5 Rxf7 35. Qxa7 Nf6 36. Qd4 Kg7 37. Qe5 Rf8 38. Qe7+ Rf7 39. Qe5 Rf8 40. c4 Re8 41. Qg3+ Kf7 42. c5 Rb8 43. h3 Rb1+ 44. Kh2 Nde8 45. Qd3 Rb8 46. a4 Rd8 47. d6 cxd6 48. cxd6 Rxd6 49. Qc4+ Nd5 50. g4 Nec7 51. g5 Rb6 52. Kg3 Rb4 53. Qc2 Kg7 54. h4 Rg4+ 55. Kh3 Rg1 56. Qf2 Rd1 57. Qb2+ Kf7 58. Kg4 Rg1+ 59. Kf5 Rg2 60. Qb3 Rf2+ 61. Ke5 Re2+ 62. Kd6 Re6+ 63. Kc5 Re3 64. Qb1 Ke6 65. Qg6+ Ke5 66. Qg7+ Kf5 67. Kc6 Rc3+ 68. Kb7 Ne6 69. Qh8 Rc7+ 70. Kb8 Nc5 71. Qf6+ Nxf6 72. Kxc7 Ne8+ 73. Kd8 Ng7 74. Ke7 Nxa4 75. Kf7 Nh5 76. g6 Kg4 77. g7 Nxg7 1/2-1/2

[Event "Essent op"]
[Site "Hoogeveen"]
[Date "2002.10.13"]
[Round "3"]
[White "Dougherty, Michael"]
[Black "Brodsky, Michail"]
[Result "0-1"]
[WhiteElo "2281"]
[BlackElo "2547"]
[PlyCount "76"]
[EventDate "2002.10.11"]
[Source "ChessBase"]
[SourceDate "2002.11.06"]

1. d4 Nf6 2. c4 e6 3. Nc3 Bb4 4. e3 O-O 5. a3 Bxc3+ 6. bxc3 b6 7. Bd3 Bb7 8. f3 Nc6 9. Ne2 Na5 10. e4 Ne8 11. Ng3 c5 12. Be3 Ba6 13. Qe2 Rc8 14. dxc5 Nb3 15. Rd1 Nxc5 16. Bxc5 Rxc5 17. O-O Qc7 18. f4 f6 19. e5 f5 20. Rf3 Rf7 21. Nh5 Bxc4 22. g4 fxg4 23. Rg3 Rd5 24. Qxg4 Rxd3 25. Rdxd3 Bxd3 26. Rxd3 Qc5+ 27. Kg2 Qxa3 28. Qf3 Qa4 29. Kh3 Qc6 30. Qg4 Kf8 31. Ng3 Qc4 32. Rf3 a5 33. Qg5 Qd5 34. Re3 Qc5 35. f5 h6 36. Qf4 exf5 37. Nxf5 Nc7 38. Rf3 Ne6 0-1

[Event "SUI-chT Wollishofen-Luzern"]
[Site "Svizzera"]
[Date "2007.09.01"]
[Round "6.3"]
[White "Hochstrasser, Michael"]
[Black "Atlas, Valery"]
[Result "1/2-1/2"]
[WhiteElo "2371"]
[BlackElo "2453"]
[PlyCount "55"]
[EventDate "2007.02.25"]
[Source "www.chesslib.no"]
[SourceDate "2004.05.04"]

1. d4 Nf6 2. c4 e6 3. Nc3 Bb4 4. e3 O-O 5. a3 Bxc3+ 6. bxc3 b6 7. Bd3 d5 8. cxd5 exd5 9. Ne2 Ba6 10. O-O Bxd3 11. Qxd3 Qc8 12. f3 Qa6 13. Qxa6 Nxa6 14. Ng3 Rfe8 15. Re1 c6 16. e4 g6 17. Bg5 Nd7 18. Bf4 Rac8 19. Rac1 Nc7 20. Bxc7 Rxc7 21. c4 dxc4 22. Rxc4 b5 23. Rc3 Nb6 24. Rc5 Na4 25. Rc2 Nb6 26. Rc5 Na4 27. Rc2 Nb6 28. Rc5 1/2-1/2

[Event "Wch U20"]
[Site "Yerevan"]
[Date "1999.09.22"]
[Round "5"]
[White "Peralta, Fernando"]
[Black "Gaprindashvili, Valerian"]
[Result "0-1"]
[WhiteElo "2433"]
[BlackElo "2390"]
[PlyCount "130"]
[EventDate "1999.09.18"]
[Source "ChessBase"]
[SourceDate "1999.11.18"]

1. d4 e6 2. c4 Nf6 3. Nc3 Bb4 4. a3 Bxc3+ 5. bxc3 c5 6. e3 O-O 7. Bd3 d6 8. e4 Nc6 9. Ne2 e5 10. O-O cxd4 11. cxd4 exd4 12. Bg5 Re8 13. f4 Bg4 14. h3 Bxe2 15. Qxe2 Qe7 16. c5 dxc5 17. e5 Qf8 18. Qc2 Nd5 19. Bxh7+ Kh8 20. Be4 Ne3 21. Qf2 f5 22. Bf3 Qf7 23. Rfe1 Rac8 24. Qh4+ Kg8 25. Bh5 g6 26. Bf3 Qh7 27. Qf2 Nd8 28. Rxe3 dxe3 29. Qxe3 Ne6 30. Bf6 c4 31. Bd5 Kf8 32. Kh2 c3 33. Rc1 Qd7 34. Bxe6 Rxe6 35. Rxc3 Rxc3 36. Qxc3 Kf7 37. Qg3 Re8 38. Qb3+ Re6 39. Qg3 Qc8 40. Qh4 Qg8 41. Qf2 b6 42. Qc2 Qb8 43. Qf2 a5 44. Qh4 Qg8 45. Qf2 Qe8 46. Qh4 Rc6 47. Qg3 Ke6 48. Qb3+ Kd7 49. Qd3+ Kc7 50. Qa6 Qc8 51. Qd3 Kb7 52. Qg3 Qg8 53. Be7 Qd5 54. Bd6 Qe4 55. Qxg6 Qxf4+ 56. Qg3 Qxg3+ 57. Kxg3 Rc4 58. Kf3 b5 59. g4 fxg4+ 60. hxg4 b4 61. axb4 axb4 62. e6 Kc6 63. e7 Kd7 64. Ke3 b3 65. Ba3 Ra4 0-1

[Event "12. Obert Int. C.E. Badalona"]
[Site "Badalona"]
[Date "2004.05.16"]
[Round "4"]
[White "Jose Abril, Ramon"]
[Black "Fluvia Poyatos, Joan"]
[Result "0-1"]
[WhiteElo "2369"]
[BlackElo "2450"]
[PlyCount "82"]
[EventDate "2004.04.25"]
[Source "Roberto Alvarez"]
[SourceDate "2004.06.21"]

1. d4 Nf6 2. c4 e6 3. Nc3 Bb4 4. e3 O-O 5. a3 Bxc3+ 6. bxc3 d6 7. Bd3 e5 8. f3 Nh5 9. g4 Qh4+ 10. Kd2 Nf6 11. Ne2 e4 12. fxe4 Bxg4 13. Qf1 Bxe2 14. Qxe2 Nxe4+ 15. Kc2 Qf2 16. Rf1 Qxe2+ 17. Bxe2 Nd7 18. Rb1 b6 19. Bg4 Ndf6 20. Bf3 Rae8 21. Kd3 Re7 22. Rb5 g6 23. a4 Rfe8 24. a5 Nd7 25. Rg1 Kf8 26. Rg2 f5 27. Rb3 Kf7 28. Ra2 Ndf6 29. Rba3 h5 30. axb6 axb6 31. Bd1 g5 32. Ba4 Rf8 33. Bc6 h4 34. Ra8 g4 35. Rxf8+ Kxf8 36. Rg2 h3 37. Rg1 Rh7 38. Rf1 Rh5 39. Bd2 g3 40. Ra1 gxh2 41. Ke2 Rg5 0-1

[Event "Barcza Memorial"]
[Site "Debrecen"]
[Date "1987.??.??"]
[Round "4"]
[White "Karsa, Laszlo"]
[Black "Barczay, Laszlo"]
[Result "1/2-1/2"]
[WhiteElo "2435"]
[BlackElo "2375"]
[PlyCount "31"]
[EventDate "1987.06.21"]
[Source "www.chesslib.no"]
[SourceDate "2004.05.04"]

1. d4 Nf6 2. c4 e6 3. Nc3 Bb4 4. a3 Bxc3+ 5. bxc3 c5 6. e3 O-O 7. Ne2 d5 8. cxd5 exd5 9. Ng3 Re8 10. Bd3 Nc6 11. O-O b6 12. f3 h5 13. Ra2 h4 14. Ne2 Na5 15. Nf4 Qd6 16. Re2 1/2-1/2